Statystyki dla 15 najbardziej dotkniętych krajów Covid-19 - 27 lut 2021

Kliknij tutaj aby rozwiązać quiz!

Ogólne statystyki

  • Ten quiz został rozwiązany 25 razy
  • Średni wynik to 14 z 27

Statystyki odpowiedzi

kraj% Poprawnych
Niemcy
95%
Polska
95%
Rosja
95%
Włochy
86%
Francja
81%
Stany Zjednoczone
81%
Brazylia
76%
Hiszpania
71%
Indie
67%
Wielka Brytania
67%
Argentyna
62%
Czechy
62%
Szwecja
62%
Meksyk
57%
Belgia
43%
Holandia
43%
Litwa
43%
Portugalia
43%
Turcja
43%
Iran
33%
Kolumbia
33%
Szwajcaria
24%
Słowenia
19%
Izrael
14%
Bahrajn
5%
Gruzja
5%
Panama
5%

Rozkład punktacji

Percentyl według liczby udzielonych odpowiedzi

Procent ludzi z każdym wynikiem

Twoja historia wyników

Nie rozwiązałeś tego quizu